Predikcia finančnej situácie podnikov v SR diplomová práca

Saved in:
Bibliographic Details
Main Author: Gergelyová, Dominika
Corporate Author: Podnikovohospodárska fakulta EU so sídlom v Košiciach. Katedra finančného riadenia podniku
Other Authors: Škultéty, Jozef
Format: Book
Language:Slovak
Published: Košice 2015
Tags: Add Tag
No Tags, Be the first to tag this record!

MARC

LEADER 00000nbm a2200000 4500
001 0202313
005 20161212094550.0
041 0 |a slo 
044 |a SK 
245 1 0 |a Predikcia finančnej situácie podnikov v SR  |b diplomová práca  |c Dominika Gergelyová ; školiteľ: Jozef Škultéty 
264 1 |a Košice  |c 2015 
300 |a 63 s. 
100 1 |a Gergelyová, Dominika 
700 1 |a Škultéty, Jozef 
710 2 |a Podnikovohospodárska fakulta EU so sídlom v Košiciach. Katedra finančného riadenia podniku